Documentos para el estudio de la historia colonial de Santo Domingo: (Registro nro. 51966)
[ vista simple ]
| 000 -CABECERA | |
|---|---|
| campo de control de longitud fija | 00992nam a2200265 a 4500 |
| 003 - IDENTIFICADOR DEL NÚMERO DE CONTROL | |
| campo de control | DO-SdBNP |
| 005 - FECHA Y HORA DE LA ÚLTIMA TRANSACCIÓN | |
| campo de control | 20220609102216.0 |
| 007 - CAMPO FIJO DE DESCRIPCIÓN FÍSICA--INFORMACIÓN GENERAL | |
| campo de control de longitud fija | ta |
| 008 - DATOS DE LONGITUD FIJA--INFORMACIÓN GENERAL | |
| campo de control de longitud fija | 220608e2018 dr ||||gr|||| 001 edspa d |
| 020 ## - NÚMERO INTERNACIONAL ESTÁNDAR DEL LIBRO | |
| Número Internacional Estándar del Libro | 9789945913163 |
| 040 ## - FUENTE DE LA CATALOGACIÓN | |
| Centro catalogador/agencia de origen | DO-SdBNP |
| Lengua de catalogación | spa |
| Centro/agencia transcriptor | BNPHU |
| 082 #4 - NÚMERO DE LA CLASIFICACIÓN DECIMAL DEWEY | |
| Número de edición | 22 |
| Número de documento/Ítem | R696d |
| 245 10 - MENCIÓN DE TÍTULO | |
| Título | Documentos para el estudio de la historia colonial de Santo Domingo: |
| Resto del título | (1561-1680). / |
| Mención de responsabilidad, etc. | Genaro Rodríguez Morel |
| 260 ## - PUBLICACIÓN, DISTRIBUCIÓN, ETC. | |
| Lugar de publicación, distribución, etc. | Santo Domingo : |
| Nombre del editor, distribuidor, etc. | Archivo General de la Nación, |
| Fecha de publicación, distribución, etc. | 2018 |
| 300 ## - DESCRIPCIÓN FÍSICA | |
| Extensión | 340 p. ; |
| Dimensiones | 27 cm. |
| 490 ## - MENCIÓN DE SERIE | |
| Mención de serie | Archivo General de la Nación; Archivo General de la Nación; |
| Designación de volumen o secuencia | 340 |
| 500 ## - NOTA GENERAL | |
| Nota general | La Biblioteca posee el v. II |
| 500 ## - NOTA GENERAL | |
| Nota general | Incluye datos biográficos del autor en las solapas de las cubiertas. |
| 500 ## - NOTA GENERAL | |
| Nota general | Incluye índice. |
| 590 ## - NOTA LOCAL (RLIN) | |
| Nota local | Inventariado 2022 / MF |
| 651 #4 - PUNTO DE ACCESO ADICIONAL DE MATERIA--NOMBRE GEOGRÁFICO | |
| 9 (RLIN) | 11651 |
| Nombre geográfico | República Dominicana |
| Subdivisión general | Historia |
| Subdivisión cronológica | 1561-1680 |
| 830 ## - PUNTO DE ACCESO ADICIONAL DE SERIE-TÍTULO UNIFORME | |
| Título uniforme | Archivo General de la Nación; Archivo General de la Nación |
| Lenguaje de la obra | spa |
| Número de parte o sección de la obra | 340 |
| 9 (RLIN) | 81801 |
| 910 ## - DATOS DE OPCIÓN DEL USUARIO (OCLC) | |
| Datos de opción del usuario | MFeliz |
| 942 ## - ELEMENTOS DE PUNTO DE ACCESO ADICIONAL (KOHA) | |
| Fuente del sistema de clasificación o colocación | Dewey Decimal Classification |
| Tipo de ítem Koha | Libro |
| Estado de retiro | Estado de pérdida | Fuente del sistema de clasificación o colocación | Restricciones de uso | No para préstamo | Código de colección | Localización permanente | Ubicación/localización actual | Ubicación en estantería | Fecha de adquisición | Fuente de adquisición | Total de préstamos | Signatura topográfica completa | Código de barras | Fecha visto por última vez | Precio válido a partir de | Tipo de ítem Koha | Número de copia |
|---|---|---|---|---|---|---|---|---|---|---|---|---|---|---|---|---|---|
| Dewey Decimal Classification | Excluido de préstamo | Patrimonio Dominicano | Biblioteca Nacional Pedro Henríquez Ureña | Biblioteca Nacional Pedro Henríquez Ureña | Depósito | 27.11.2018 | Depósito legal / Editora Búho | R696d | 2022-2824 | 08.06.2022 | 08.06.2022 | Libro | |||||
| Dewey Decimal Classification | Excluido de préstamo | Patrimonio Dominicano | Biblioteca Nacional Pedro Henríquez Ureña | Biblioteca Nacional Pedro Henríquez Ureña | Depósito | 27.11.2018 | Depósito legal / Editora Búho | R696d | 2022-2825 | 08.06.2022 | 08.06.2022 | Libro | e.2 | ||||
| Dewey Decimal Classification | Préstamo en sala | Dominicana de Servicio | Biblioteca Nacional Pedro Henríquez Ureña | Biblioteca Nacional Pedro Henríquez Ureña | Depósito | 27.11.2018 | Depósito legal / Editora Búho | R696d | 2022-2826 | 08.06.2022 | 08.06.2022 | Libro | e.3 | ||||
| Dewey Decimal Classification | Préstamo en sala | Dominicana de Servicio | Biblioteca Nacional Pedro Henríquez Ureña | Biblioteca Nacional Pedro Henríquez Ureña | Depósito | 27.11.2018 | Depósito legal / Editora Búho | R696d | 2022-2831 | 08.06.2022 | 08.06.2022 | Libro | e.5 | ||||
| Dewey Decimal Classification | Excluido de préstamo | Patrimonio Dominicano | Biblioteca Nacional Pedro Henríquez Ureña | Biblioteca Nacional Pedro Henríquez Ureña | Depósito | 08.01.2019 | Donado por AGN | R696d | 2022-2827 | 08.06.2022 | 08.06.2022 | Libro | e.4 |
